Conflictos socio ambientales intercampesinos con respecto al uso y acceso a recursos naturales (énfasis en el bosque) en zonas aledañas a las áreas protegidas de la Península de Osa. /
Uloženo v:
| Hlavní autor: | |
|---|---|
| Korporativní autor: | |
| Další autoři: | , , , |
| Médium: | Text |
| Vydáno: |
San José :
Universidad de Costa Rica,
|
| Tagy: |
Přidat tag
Žádné tagy, Buďte první, kdo vytvoří štítek k tomuto záznamu!
|
MARC
| LEADER | 00000 a a2200000 04500 | ||
|---|---|---|---|
| 001 | 32977 | ||
| 003 | |||
| 040 | |||
| 020 | |a [sin ISBN] | ||
| 022 | |a [sin ISBN] | ||
| 090 | |a 205900 | ||
| 100 | |a Franceschi Barraza, Hannia | ||
| 110 | |a Universidad de Costa Rica | ||
| 245 | |a Conflictos socio ambientales intercampesinos con respecto al uso y acceso a recursos naturales (énfasis en el bosque) en zonas aledañas a las áreas protegidas de la Península de Osa. / |c Hannia Franceschi Barraza | ||
| 260 | |a San José : |b Universidad de Costa Rica, | ||
| 300 | |a 28p. | ||
| 700 | |a Rojas Chavez, Gladys | ||
| 700 | |a McHugh Brown, Agustín Antonio | ||
| 700 | |a Carballo Villagra, Priscilla | ||
| 700 | |a Quesada Lutz, Milena | ||
| 999 | |c 13455 |d 13455 | ||
